000 00307 a2200109 4500
001 ART_10232
005 20260410161848.0
008 260409a
245 1 0 _aEl impuesto a la tierra
100 1 _aPiñeiro, Martín E.
773 0 _tEconómica
_g- Año XVI, Nº3 (sep./dic. 1970)
_wREV7541
999 _c24730
_d24730